| 000 | 00796nam a22002292 4500 | ||
|---|---|---|---|
| 001 | 0000024465 | ||
| 005 | 20151217152302.0 | ||
| 008 | 131217s xx 000 0 eng d | ||
| 020 | _a0199744695 : | ||
| 040 |
_aKABU _cKABU |
||
| 100 | 1 |
_aFeitlowitz, Marguerite. _@0000184610 |
|
| 245 | 1 | 2 |
_aA Lexicon of terror : _bArgentina and legacies of torture / _cMarguerite Feitlowitz. |
| 250 | _arev. and updated ed. | ||
| 260 |
_aOxford : _bO. U. P., _c2011. |
||
| 300 | _axviii, 391 p. | ||
| 610 | 2 | 0 |
_aArgentina _xPolitics and government _y1955-1983. _@0000184611 |
| 650 | 0 |
_aPolitical violence _xHistory _zArgentina. _@0000184612 |
|
| 650 | 0 |
_aTerrorism _xHistory. _zArgentina. _@0000184613 |
|
| 852 | 1 | _9p1755 KES | |
| 908 | _a131217 | ||
| 950 | _@1 | ||
| 999 |
_c10294 _d10294 |
||